| 000 | 00500cam a2200217ua 4500 | ||
|---|---|---|---|
| 001 | 8532 | ||
| 005 | 20260515114339.0 | ||
| 008 | 150205n ii |||gr||||Z||||||eng | ||
| 020 | _a8125000801 | ||
| 040 | _cMAIN | ||
| 041 | _aeng | ||
| 082 | _a414 | ||
| 100 |
_aBansal. R. K., _eAuthor. |
||
| 245 |
_aSpoken english _cBy R. K. Bansal |
||
| 250 | _a2nd. | ||
| 260 |
_aNew Delhi: _bOrient, _c1994. |
||
| 300 | _a191p. | ||
| 653 | _aPhonology & phonetics | ||
| 653 | _aSpoken english | ||
| 942 | _cBK | ||
| 999 |
_c7627 _d7627 |
||